Central Library OPAC University of Rajshahi

The upper atmosphere : (Record no. 10975)

MARC details
000 -LEADER
fixed length control field 00772cam a2200253 a 4500
001 - CONTROL NUMBER
control field 10975
003 - CONTROL NUMBER IDENTIFIER
rucl marc code BD-RjUL
005 - DATE AND TIME OF LATEST TRANSACTION
control field 20211208235040.0
008 - FIXED-LENGTH DATA ELEMENTS--GENERAL INFORMATION
fixed length control field 140125r19691965nyua b 001 0 eng|d
035 ## - SYSTEM CONTROL NUMBER
System control number (BD-RjUL)11024
040 ## - CATALOGING SOURCE
Original cataloging agency NS:ER
Language of cataloging eng
Transcribing agency BD-RjUL
Modifying agency BD-RjUL
041 ## - LANGUAGE CODE
Language code of text/sound track or separate title eng
082 04 - DEWEY DECIMAL CLASSIFICATION NUMBER
Classification number 551.514
Author mark and year CRU 1969
100 1# - MAIN ENTRY--PERSONAL NAME
Personal name Craig, R. A.
9 (RLIN) 33917
245 14 - TITLE STATEMENT
Title The upper atmosphere :
Remainder of title meteorology and physics /
Statement of responsibility, etc. by Richard A. Craig.
260 ## - PUBLICATION, DISTRIBUTION, ETC. (IMPRINT)
Place of publication, distribution, etc. New York :
Name of publisher, distributor, etc. Academic Press,
Date of publication, distribution, etc. c1965 [Printing 1969].
300 ## - PHYSICAL DESCRIPTION
Pagination xii, 509p. :
Illustrations ill. ;
Size 24cm.
504 ## - BIBLIOGRAPHY, ETC. NOTE
Bibliography, etc Includes index and bibliographies.
650 #0 - SUBJECT ADDED ENTRY--TOPICAL TERM
Topical term or geographic name as entry element Atmosphere, Upper.
9 (RLIN) 33919
942 ## - ADDED ENTRY ELEMENTS (KOHA)
Source of classification or shelving scheme Dewey Decimal Classification
Koha item type Books
Holdings
Lost status Source of classification or shelving scheme Damaged status Not for loan Collection code Permanent Location Current Location Shelving location Date acquired Source of acquisition Cost, normal purchase price Total Checkouts Full call number Date last seen Copy number Koha item type
  Dewey Decimal Classification     Fiction Central Library, University of Rajshahi Central Library, University of Rajshahi   31/07/1971 Zeitlinger 130.00   551.514 CRU 1969 25/01/2014 C-2 Books
  Dewey Decimal Classification   Not For Loan Non-fiction Central Library, University of Rajshahi Central Library, University of Rajshahi Reading Room 13/10/1970 Zetlinger 123.00   551.514 CRU 1969 16/05/2017 C-1 Books